000 00952nam a2200217Ia 4500
003 GCL
008 140319s9999 xx 000 0 ara d
040 _aGCL /
_cGCL
082 0 4 _a415.1
_bد ف
100 1 _aابن الدهان البغدادى : ابو محمد سعيد بن المبارك بن على الانصارى
245 1 0 _aالفريدة فى شرح القصيدة التى انشأها سعيد بن المبارك المعروف بابن الدهان النحوى /
_cابن الدهان البغدادى : ابو محمد سعيد بن المبارك بن على الانصارى
700 1 _aعبدالرحمن بن سليمان العثيمين
260 _a[S.N] :
_bمكتبة الخانجى ،
_c1990
300 _a205 ص
490 _a
650 0 4 _aالشعر العربى
650 0 4 _aالنحو
650 0 4 _aاللغة العربية
650 0 4 _aالدولة العباسية الثانية
942 _2ddc
_cBK
999 _c36876
_d36876